000 00501nam a22001697a 4500
003 NUST - PNEC
005 20170116180941.0
008 150907b xxu||||| |||| 00| 0 eng d
020 _a-
040 _cLIBRARY
082 _a537.7 CUR
100 _98725
_aCurtis, Harvey Lincoln
245 _a Electrical measurements; precise comparisons of standards and absolute determinations of the units
_cHarvey L. Curtis
260 _cc.1937
650 _98731
_aElectric measurements
_xEE
942 _2ddc
_cBK
999 _c66158
_d66158